Palestínčania zomierajú dobrovoľne toho, kto v mene islamu výbušninou ...

Bibliographic Details
Main Author: Vaněk, Martin (Author)
Format: Article
Language:Slovak
PhysicalDescription:Fotogr.
Subjects:

MARC

LEADER 00000nab a2200000 a 4500
001 vtls000765976
003 SK-MaSNL
005 20260304052830.0
008 040806c2001 xo 0 slo
015 |a SNBRB2001/08-24609 
035 |a CLN000117763 
040 |a SNKBUCL  |b slo  |c SNKBUCL  |e AACR2 
041 0 |a slo 
044 |a xo  |c SK 
080 |a 323(569.4):329.7:297  |2 UDC-MRF-SK2 
080 |a 329.7:297(569.4)  |2 UDC-MRF-SK2 
100 1 |a Vaněk, Martin  |4 aut  |9 27840 
245 1 0 |a Palestínčania zomierajú dobrovoľne  |b toho, kto v mene islamu výbušninou ...  |c Martin Vaněk 
300 |b Fotogr. 
610 2 7 |a Harakat al-Muqawamah al-Islamiyah  |2 SNKKA  |9 249390 
648 7 |a 2001  |2 SNK  |9 296180 
650 0 7 |a vnútorná politika  |2 SNKPH  |9 970 
651 7 |a Izrael  |2 SNKPHgeo  |9 16888 
651 7 |a Islamský džihád (Izrael)  |2 snkbucl  |9 1336491 
651 7 |a Palestína  |2 SNKPHgeo  |9 68544 
655 7 |a články z novín a časopisov  |2 snkbucl  |9 267496 
773 0 |t Národná obroda  |g Roč. 12, č. 187 (14.8.2001), s. 7 
850 |a Slovenská národná knižnica v Martine 
852 |a SNK  |b KIS3GCP 
999 |c 2710141  |d 2712071